鄉間小路 雜誌 (Record no. 7695)
[ view plain ]
| 000 -LEADER | |
|---|---|
| fixed length control field | 00726cas a2200241 4500 |
| 001 - CONTROL NUMBER | |
| control field | 20840 |
| 003 - CONTROL NUMBER IDENTIFIER | |
| control field | NPUST-NET |
| 005 - DATE AND TIME OF LATEST TRANSACTION | |
| control field | 20260204105810.0 |
| 008 - FIXED-LENGTH DATA ELEMENTS--GENERAL INFORMATION | |
| fixed length control field | 950104 1990 ch chi d |
| 015 ## - NATIONAL BIBLIOGRAPHY NUMBER | |
| National bibliography number | 144965 |
| 022 1# - INTERNATIONAL STANDARD SERIAL NUMBER | |
| International Standard Serial Number | 10158367 |
| 035 ## - SYSTEM CONTROL NUMBER | |
| System control number | (FSTOP)144965 |
| 040 ## - CATALOGING SOURCE | |
| Original cataloging agency | 廸懋 |
| Transcribing agency | 廸懋 |
| 041 0# - LANGUAGE CODE | |
| Language code of text/sound track or separate title | chi |
| 042 ## - AUTHENTICATION CODE | |
| Authentication code | nbic |
| 044 ## - COUNTRY OF PUBLISHING/PRODUCING ENTITY CODE | |
| MARC country code | ch |
| 090 ## - LOCALLY ASSIGNED LC-TYPE CALL NUMBER (OCLC); LOCAL CALL NUMBER (RLIN) | |
| Local cutter number (OCLC) ; Book number/undivided call number, CALL (RLIN) | 2008 v34 n8 |
| 245 00 - TITLE STATEMENT | |
| Title | 鄉間小路 雜誌 |
| 260 ## - PUBLICATION, DISTRIBUTION, ETC. | |
| Place of publication, distribution, etc. | 臺北市 : |
| Name of publisher, distributor, etc. | 豐年社, |
| Date of publication, distribution, etc. | 民79- |
| 300 ## - PHYSICAL DESCRIPTION | |
| Extent | 冊 ; |
| Dimensions | 30公分 |
| 590 ## - LOCAL NOTE (RLIN) | |
| Local note | v.7:6-7,11-12,16,34,36,38-45,47,48(民70);v.11:4,11,24,26,28,34-38,40-42,45,48,49,51,52(民74);v.14;7-11,13-16,20 ,28,32,34,38,39(民77);v.15:2-8,12,22-24,29,39,41-44,46-50(民78);v.16(民79)- |
| 942 ## - ADDED ENTRY ELEMENTS (KOHA) | |
| Source of classification or shelving scheme | 中文圖書分類法 |
| Koha item type | 期刊 |
| 撤銷狀態 | 遺失狀態 | 分類號來源 | 損壞狀態 | 不外借 | 永久館藏地 | 現在館藏地 | 採購日期 | 完整索書號 | 條碼號 | 最後一次日期記錄 | 一般價格有效日期 | Koha館藏類型 | 公開資訊 | 書架位置 | 全部借出 | Date last checked out | 複本號 |
|---|---|---|---|---|---|---|---|---|---|---|---|---|---|---|---|---|---|
| 未註銷館藏 | 未遺失 | 中文圖書分類法 | 未損毀 | 可外借 | 怡仁綜合醫院圖書館 | 怡仁綜合醫院圖書館 | 2026-02-04 | N.1 | N20405 | 2026-02-04 | 2026-02-04 | 期刊 | 觀賞魚蝦指南:水底江湖 風水招財魚:天龍篇 風水神獸到黑市暗流:骨灰級龍魚店四十年風華──昭輝水族精品龍魚 風水招財魚:地虎篇 價格崩盤到基因紅利:魟魚帝王的水底產業革命──昀泰魟業。 | ||||
| 未註銷館藏 | 未遺失 | 中文圖書分類法 | 未損毀 | 可外借 | 怡仁綜合醫院圖書館 | 怡仁綜合醫院圖書館 | 2026-02-04 | N.2 | N20406 | 2026-02-04 | 2026-02-04 | 期刊 | 【年柑大桔】 臺灣農曆過年前後,從市場到客廳,經常見到橘子成堆成塔,外觀討喜、風味酸甜,恰能作為大家茶餘飯後收尾。不過橘子只是眾多柑橘裡的一角,宴客良伴柳橙汁、酸爽消暑的檸檬冰沙、中秋烤肉解膩的柚子、潤喉妙方金棗茶,柑橘成員千變萬化,美食佳釀數不清。當然最迷人的,始終是當季豐美果實入口,迸發酸甜香苦等豐富的滋味。 | ||||
| 未註銷館藏 | 未遺失 | 中文圖書分類法 | 未損毀 | 可外借 | 怡仁綜合醫院圖書館 | 怡仁綜合醫院圖書館 | 2026-03-05 | N.3 | N20416 | 2026-03-30 | 2026-03-05 | 期刊 | 【豆陣俱樂部】 豆子與我們相當親密,很多人的啟蒙童書包含《豌豆公主》和《傑克與魔豆》,小學常用豆芽作為生活課教材,飲食更是不乏見到豆漿、涼拌豆腐、炒豆莢、豆子湯。豆豆家族成員眾多,紅、綠、黃、黑豆以外,還有花生、豌豆、皇帝豆、翼豆、樹豆等等,它們若從世界消失,大眾生活與餐桌會單調不少。 | 1 | 2026-03-23 | N.3 | |
| 未註銷館藏 | 未遺失 | 中文圖書分類法 | 未損毀 | 可外借 | 怡仁綜合醫院圖書館 | 怡仁綜合醫院圖書館 | 2026-04-01 | N.4 | N20425 | 2026-04-01 | 2026-04-01 | 期刊 | 【好客家味】 客家菜是臺灣飲食一環,相信客家小炒、梅乾扣肉等經典重口味菜色,鄉友們並不陌生。臺灣物產豐饒、生活樣態多元,不只粄條、鹹湯圓分「南北派」,鹹擂茶、木瓜粄、花生豆腐還是鄉鎮限定美食,期待大家到產地親嚐,感受客家料理的魅力。 | N.4 |